Little Debbie Snack By Picture - Statistics

General Stats
  • This quiz has been taken 79 times
  • The average score is 6 of 12
Answer Stats
Picture Answer % Correct
Cosmic Brownie
88%
Honey Bun
75%
Oatmeal Creme Pie
66%
Zebra Cakes
66%
Star Crunch
48%
Swiss Rolls
46%
Fudge Round
45%
Nuddy Buddy/Nutter Butter
43%
Chocolate Cupcakes/Cupcakes
34%
Donuts/Glazed Donuts
34%
Pecan Spinwheel
11%
Banana marshmallow Pie
5%
No matching quizzes found
Score Distribution
Percent of People with Each Score
Percentile by Number Answered
Your Score History
You have not taken this quiz